000 00560nam a2200181Ia 4500
005 20250326124841.0
008 250326s9999 xx 000 0 und d
037 _aTextbook
040 _aFMSL
_beng
_cFMSL
041 _aeng
_2eng
084 _aX:89ZB.58 L8
_qFMSL
100 _aClarkson S
_9285910
245 0 _aSoviet theory of development: India and the theird world in marxist-leninist scholarship
_cClarkson S
260 _aLondon
_bLondon, Macmillan
_c1978
300 _a322p
942 _cTB
_hX:89ZB.58 L8
999 _c1275500
_d1275500